000 00267nam a2200109Ia 4500
008 190914s9999||||xx |||||||||||||| ||und||
100 _aShamshad Ahmed
245 0 _aEducation and Physical Education
260 _aNew Delhi
_bDorling
_c2007
300 _a251
942 _cBK
999 _c9936
_d9936